[Event "38th WCh U20 Girls"]
[Site "Cala Gonone ITA"]
[Date "2022.10.21"]
[Round "10.24"]
[White "Singgih, Diajeng Theresa"]
[Black "Ruiz Villalba, Andrea"]
[Result "0-1"]
[WhiteElo "1991"]
[BlackElo "1764"]
[EventDate "2022.10.12"]
[PlyCount "104"]

1.e4 c5 2.Nf3 d6 3.d4 cxd4 4.Nxd4 Nf6 5.Nc3 g6 6.Bc4 Bg7 7.O-O O-O 8.Bb3 
Nc6 9.Nxc6 bxc6 10.h3 Nd7 11.Be3 Ba6 12.Re1 Ne5 13.Qd2 Nc4 14.Bxc4 Bxc4 
15.Bh6 Bxh6 16.Qxh6 Rb8 17.b3 Qa5 18.Re3 Be6 19.f4 Qc5 20.Re1 Kh8 21.Kh1 
Rg8 22.Rf3 Bd7 23.Re2 Qd4 24.Rd3 Qg7 25.Qg5 f6 26.Qa5 Rb7 27.g4 Qh6 28.g5 
Qh4 29.gxf6 Bxh3 30.Qg5 Qxg5 31.fxg5 Bf1 32.Kg1 Bxe2 33.Nxe2 Rf8 34.Nd4 
exf6 35.Ne6 Re8 36.Rxd6 fxg5 37.Nxg5 Rb5 38.e5 Re7 39.Ne6 Kg8 40.Rd8+ Kf7 
41.Ng5+ Kg7 42.Nf3 g5 43.c4 Ra5 44.Rd1 g4 45.Nd4 Raxe5 46.Nxc6 Re1+ 47.
Rxe1 Rxe1+ 48.Kf2 Ra1 49.c5 Rxa2+ 50.Kg3 h5 51.Nb4 Rb2 52.Nd5 Rxb3+ 0-1

[Event "38th WCh U20 Girls"]
[Site "Cala Gonone ITA"]
[Date "2022.10.21"]
[Round "10.25"]
[White "Ishvi, Aggarwal"]
[Black "Muha, Magdalena"]
[Result "1-0"]
[WhiteElo "1964"]
[BlackElo "1706"]
[EventDate "2022.10.12"]
[PlyCount "75"]

1.d4 Nf6 2.c4 e6 3.g3 d5 4.Nf3 Bb4+ 5.Bd2 Be7 6.Bg2 O-O 7.O-O c6 8.Bf4 
Nbd7 9.Ne5 Qb6 10.b3 Nxe5 11.Bxe5 Nd7 12.cxd5 Nxe5 13.dxe5 exd5 14.Nd2 Bc5
15.e4 dxe4 16.Bxe4 f5 17.exf6 Rxf6 18.Qc2 Bxf2+ 19.Kg2 Bg4 20.Bxh7+ Kh8 
21.Qc4 Be6 22.Qe2 Raf8 23.Be4 Qd4 24.Nf3 Rxf3 25.Bxf3 Rxf3 26.Qxe6 Rf6 27.
Qe8+ Kh7 28.Rad1 Qg4 29.Rd3 Re6 30.Qf7 Rf6 31.Qc4 Qe2 32.Rc3 Qxc4 33.Rxc4 
Bb6 34.Rxf6 gxf6 35.Re4 Kg6 36.Re7 c5 37.Kf3 Kf5 38.h4 1-0

[Event "38th WCh U20 Girls"]
[Site "Cala Gonone ITA"]
[Date "2022.10.21"]
[Round "10.26"]
[White "Dejanovic, Tereza"]
[Black "Mikic, Ivana"]
[Result "1-0"]
[WhiteElo "1943"]
[BlackElo "1783"]
[EventDate "2022.10.12"]
[PlyCount "91"]

1.e4 e5 2.Nf3 Nc6 3.Bb5 Nf6 4.O-O Nxe4 5.Re1 Nd6 6.Nxe5 Nxe5 7.Rxe5+ Be7 
8.Bf1 O-O 9.d4 Bf6 10.Re1 Nf5 11.c3 d5 12.Bf4 Nd6 13.Bd3 g6 14.Nd2 Bg7 15.
Nf3 b6 16.Qc2 Bf5 17.Ne5 Re8 18.h3 Bxd3 19.Qxd3 Ne4 20.Qf3 f6 21.Ng4 Qd7 
22.h4 Rf8 23.Qh3 f5 24.Ne5 Qd8 25.Nf3 Bf6 26.Be5 Bxe5 27.dxe5 Qe7 28.Rad1 
Rad8 29.Nd4 Qe8 30.f3 Nc5 31.h5 Ne6 32.hxg6 hxg6 33.Kf2 Nxd4 34.Rh1 Kf7 
35.Qh7+ Ke6 36.cxd4 Rd7 37.Qh6 Re7 38.Rc1 Kd7 39.Rc3 Re6 40.b4 c6 41.Ra3 
a5 42.bxa5 c5 43.axb6 cxd4 44.Ra7+ Kc6 45.Qc1+ Kb5 46.Qb2+ 1-0

[Event "38th WCh U20 Girls"]
[Site "Cala Gonone ITA"]
[Date "2022.10.21"]
[Round "10.27"]
[White "Shaw, Laurie Ann"]
[Black "Malikova, Marjona"]
[Result "0-1"]
[WhiteElo "1409"]
[BlackElo "1830"]
[EventDate "2022.10.12"]
[PlyCount "62"]

1.d4 Nf6 2.c4 g6 3.Nc3 Bg7 4.e4 d6 5.Be2 O-O 6.Nf3 Nc6 7.O-O e5 8.d5 Ne7 
9.Ne1 Nd7 10.Be3 f5 11.f3 f4 12.Bf2 g5 13.b4 a5 14.a3 b6 15.c5 axb4 16.
axb4 Rxa1 17.Qxa1 bxc5 18.bxc5 Nxc5 19.Qa7 Nb3 20.Nc2 c5 21.dxc6 Nxc6 22.
Bc4+ Kh8 23.Qa3 Nd2 24.Bd5 Nxf1 25.Bxc6 Ne3 26.Nxe3 fxe3 27.Bxe3 g4 28.
fxg4 Bxg4 29.Bf2 Qg5 30.Qb2 Bh3 31.Ba7 Bxg2 0-1

[Event "38th WCh U20 Girls"]
[Site "Cala Gonone ITA"]
[Date "2022.10.21"]
[Round "10.28"]
[White "Ortega Beltran, Ximena"]
[Black "Silvera, Pilar"]
[Result "1-0"]
[WhiteElo "1820"]
[BlackElo "1470"]
[EventDate "2022.10.12"]
[PlyCount "85"]

1.c4 e5 2.Nc3 Nf6 3.g3 Nc6 4.Bg2 d6 5.d3 g6 6.e4 Bg7 7.Nge2 O-O 8.O-O Be6 
9.h3 Qd7 10.Kh2 Ne8 11.Nd5 f5 12.exf5 gxf5 13.f4 Rb8 14.Rb1 a5 15.Bd2 Ra8 
16.Bc3 Nd4 17.fxe5 dxe5 18.Bxd4 exd4 19.Nef4 Bf7 20.Qd2 Ra6 21.b4 axb4 22.
Rxb4 c6 23.Nb6 Qd6 24.c5 Qc7 25.a4 Nf6 26.Ne2 Nd7 27.Nxd7 Qxd7 28.Qg5 Bg6 
29.Rfb1 Ra7 30.Qf4 Rd8 31.Rc1 Bh5 32.Ng1 Rda8 33.Qg5 Bf7 34.Rcb1 Kh8 35.
Nf3 Bd5 36.a5 Bxf3 37.Bxf3 Bf8 38.Qf6+ Bg7 39.Qh4 Rxa5 40.Rxb7 Ra2+ 41.Bg2
Qd5 42.Rb8+ Bf8 43.Qf6+ 1-0

[Event "38th WCh U20 Girls"]
[Site "Cala Gonone ITA"]
[Date "2022.10.21"]
[Round "10.29"]
[White "Middleton, Jody"]
[Black "Femil, Chelladurai"]
[Result "0-1"]
[WhiteElo "1850"]
[BlackElo "1562"]
[EventDate "2022.10.12"]
[PlyCount "76"]

1.d4 d5 2.c4 e6 3.Nc3 Nf6 4.cxd5 exd5 5.Bg5 Be7 6.e3 Be6 7.Bd3 O-O 8.Qc2 
h6 9.Bf4 c6 10.Nf3 Nbd7 11.h3 b5 12.O-O a5 13.a3 Rc8 14.Ne2 Nb6 15.Bh2 c5 
16.Bxb5 cxd4 17.Qd3 dxe3 18.fxe3 Nc4 19.Rab1 Qb6 20.Nfd4 Ne4 21.Bxc4 Rxc4 
22.Nxe6 fxe6 23.Rxf8+ Bxf8 24.Be5 Bc5 25.Nd4 Bxd4 26.Bxd4 Qc7 27.Qd1 Qg3 
28.Qe2 Qg6 29.Rd1 a4 30.Qd3 Qg3 31.Qe2 Ng5 32.Kh1 e5 33.Bc3 Rh4 34.Be1 
Rxh3+ 35.gxh3 Qxh3+ 36.Kg1 Nf3+ 37.Kf2 Qh2+ 38.Kxf3 e4+ 0-1

[Event "38th WCh U20 Girls"]
[Site "Cala Gonone ITA"]
[Date "2022.10.21"]
[Round "10.30"]
[White "Oliveira, Beatriz Correia"]
[Black "Georges, Lisa"]
[Result "1/2-1/2"]
[WhiteElo "1538"]
[BlackElo "1799"]
[EventDate "2022.10.12"]
[PlyCount "142"]

1.d4 Nf6 2.c4 c5 3.d5 b5 4.cxb5 a6 5.bxa6 Bxa6 6.Nc3 g6 7.e4 Bxf1 8.Kxf1 
d6 9.Nf3 Bg7 10.g3 O-O 11.Kg2 Nbd7 12.a4 Qa5 13.Bd2 Qb4 14.Qc2 Rfb8 15.
Rhb1 Qb3 16.Qd3 c4 17.Qe2 Ng4 18.h3 Nge5 19.Nd4 Qb6 20.Be3 Nc5 21.b3 Qa5 
22.Ncb5 cxb3 23.Nxb3 Nxb3 24.Rxb3 Rc8 25.Bd2 Qa6 26.Ra2 Nd7 27.Bc3 Nc5 28.
Rb4 Bxc3 29.Nxc3 Nd3 30.Rb3 Nc1 31.Qxa6 Rxa6 32.Raa3 Nxb3 33.Rxb3 Ra5 34.
Kf3 Rac5 35.Nb5 Kg7 36.g4 Rc2 37.Ra3 g5 38.Ke3 Rc1 39.Kd3 Rf1 40.Ke2 Rh1 
41.Nd4 Rc4 42.Kd3 Rc7 43.Kd2 Rb7 44.a5 Rb2+ 45.Nc2 Rf1 46.Kc3 Rb8 47.Nd4 
Rxf2 48.a6 Rc8+ 49.Nc6 Rf3+ 50.Kb4 Rf1 51.a7 Ra8 52.Nxe7 Kf8 53.Nc6 Ke8 
54.Kc4 Rc1+ 55.Kb5 Kd7 56.Rf3 Rb1+ 57.Ka6 Rf8 58.Nb8+ Ke7 59.Nc6+ Kd7 60.
Ra3 Kc7 61.Rc3 Rb6+ 62.Ka5 Kb7 63.Rf3 Ra6+ 64.Kb5 Rb6+ 65.Kc4 f6 66.Kd4 
Kc7 67.Ra3 Kb7 68.Ra4 Ra6 69.Rb4+ Rb6 70.Ra4 Ra6 71.Rb4+ Rb6 1/2-1/2

[Event "38th WCh U20 Girls"]
[Site "Cala Gonone ITA"]
[Date "2022.10.21"]
[Round "10.31"]
[White "Badenhorst, Chloe"]
[Black "Andhin, Chethanah"]
[Result "1-0"]
[WhiteElo "1687"]
[BlackElo "1493"]
[EventDate "2022.10.12"]
[PlyCount "65"]

1.e4 c5 2.Nc3 d6 3.g3 Nf6 4.Bg2 e6 5.Nge2 a6 6.d3 Qc7 7.O-O g6 8.f4 Nbd7 
9.h3 Rb8 10.g4 b5 11.g5 Nh5 12.f5 Nb6 13.fxe6 Bxe6 14.Nd5 Nxd5 15.exd5 Bf5
16.Qe1 Be7 17.Qh4 Ng7 18.Bd2 c4 19.Bc3 Bf8 20.Rae1 Kd7 21.Ng3 b4 22.Nxf5 
Nxf5 23.Rxf5 gxf5 24.Bxh8 cxd3 25.cxd3 Qc2 26.Qxh7 Kc7 27.Bd4 Rd8 28.Qxf7+
Kc8 29.Qa7 Qd2 30.Qxa6+ Kb8 31.Ba7+ Kc7 32.Qb6+ Kc8 33.Qc6# 1-0

[Event "38th WCh U20 Girls"]
[Site "Cala Gonone ITA"]
[Date "2022.10.21"]
[Round "10.32"]
[White "Gardiner, Noa Saxon"]
[Black "Jacobsen, Shanne Hedegaard"]
[Result "1/2-1/2"]
[WhiteElo "1266"]
[BlackElo "1412"]
[EventDate "2022.10.12"]
[PlyCount "89"]

1.e4 c6 2.d4 d5 3.exd5 cxd5 4.c4 Nf6 5.Nc3 g6 6.Qb3 Bg7 7.cxd5 O-O 8.Nf3 
Nbd7 9.Bg5 Nb6 10.Bxf6 Bxf6 11.a4 a5 12.Be2 Bg4 13.O-O Bxf3 14.Bxf3 Bxd4 
15.Nb5 Bc5 16.d6 Bxd6 17.Rfd1 Nc8 18.h4 Qb6 19.h5 Bc5 20.Qc2 Nd6 21.Nc3 e6
22.Ne4 Nxe4 23.Bxe4 Rac8 24.Rd7 Bd4 25.Qe2 Qxb2 26.Qxb2 Bxb2 27.Rb1 Rc1+ 
28.Rxc1 Bxc1 29.hxg6 hxg6 30.Rxb7 Rc8 31.Ra7 Bd2 32.Ra8 Rxa8 33.Bxa8 f5 
34.f3 Kg7 35.Kf2 Kf6 36.g3 Kg5 37.Bc6 e5 38.Bd5 Kf6 39.g4 Kg5 40.gxf5 gxf5
41.Ke2 Bc1 42.Kd3 Kf4 43.Bc6 e4+ 44.fxe4 fxe4+ 45.Bxe4 1/2-1/2

[Event "38th WCh U20 Girls"]
[Site "Cala Gonone ITA"]
[Date "2022.10.22"]
[Round "11.1"]
[White "Kurmangaliyeva, Liya"]
[Black "Beydullayeva, Govhar"]
[Result "1-0"]
[WhiteElo "2199"]
[BlackElo "2356"]
[EventDate "2022.10.12"]
[PlyCount "73"]

1.d4 Nf6 2.c4 e6 3.Nf3 b6 4.g3 Ba6 5.Qc2 Bb7 6.Bg2 c5 7.d5 exd5 8.cxd5 
Nxd5 9.O-O Be7 10.Rd1 Nc6 11.Qf5 Nf6 12.e4 g6 13.Qf4 O-O 14.e5 Nh5 15.Qc4 
Re8 16.Bh6 Ng7 17.Bxg7 Kxg7 18.Nc3 f6 19.Qg4 f5 20.Qa4 Qc8 21.h4 Rf8 22.
Nd5 Bd8 23.Qf4 h6 24.b4 cxb4 25.Rac1 Rf7 26.e6 dxe6 27.Ne5 Bc7 28.Nxc7 
Rxc7 29.Nxc6 Bxc6 30.Qd6 a5 31.Rxc6 Rxc6 32.Bxc6 Ra7 33.Bd7 Qd8 34.Qe5+ 
Kh7 35.Qxe6 Rc7 36.Qxb6 f4 37.h5 1-0

[Event "38th WCh U20 Girls"]
[Site "Cala Gonone ITA"]
[Date "2022.10.22"]
[Round "11.2"]
[White "Hrebenshchykova, Yelyzaveta"]
[Black "Serikbay, Assel"]
[Result "0-1"]
[WhiteElo "2268"]
[BlackElo "2181"]
[EventDate "2022.10.12"]
[PlyCount "142"]

1.c4 e5 2.Nc3 Nf6 3.g3 Bb4 4.e4 Bxc3 5.dxc3 O-O 6.f3 d6 7.Nh3 c6 8.Nf2 Be6
9.Be2 Ne8 10.Be3 Qa5 11.O-O Nd7 12.a4 Rd8 13.b4 Qc7 14.a5 a6 15.Qd2 b5 16.
axb6 Nxb6 17.Qa2 Ra8 18.Rfd1 c5 19.Qa5 Bxc4 20.bxc5 Bxe2 21.cxb6 Qb7 22.
Qd5 Rb8 23.Qxb7 Rxb7 24.Rd2 Bxf3 25.Rxa6 f5 26.Ra7 Rff7 27.Rda2 fxe4 28.
Rxb7 Rxb7 29.Ra8 Kf7 30.c4 Ke7 31.Bg5+ Kf7 32.Be3 h6 33.c5 dxc5 34.Bxc5 
Nd6 35.Ra7 Ke6 36.Nh3 Kd5 37.Be3 Kc6 38.Kf2 Nc4 39.Ng1 Nxb6 40.Bxb6 Kxb6 
41.Ra3 Rf7 42.Ke3 Bh1 43.Ra1 Rd7 44.Re1 Rd3+ 45.Kf2 Kc5 46.Re3 Kc4 47.Re1 
Rd2+ 48.Ke3 Rxh2 49.Ne2 Bf3 50.Rc1+ Kb3 51.Ng1 Rc2 52.Rb1+ Ka2 53.Rb5 Bg4 
54.Rxe5 Rg2 55.Rxe4 h5 56.Ra4+ Kb2 57.Rb4+ Kc3 58.Rb1 Rxg3+ 59.Kf2 Rd3 60.
Rb7 Rd7 61.Ne2+ Kc4 62.Rxd7 Bxd7 63.Nf4 Bg4 64.Kg3 g5 65.Ng6 Kd4 66.Nh8 
Be6 67.Ng6 Ke4 68.Ne7 Bd7 69.Ng6 Kf5 70.Nh4+ gxh4+ 71.Kxh4 Kg6 0-1

[Event "38th WCh U20 Girls"]
[Site "Cala Gonone ITA"]
[Date "2022.10.22"]
[Round "11.3"]
[White "Jarocka, Liwia"]
[Black "Salimova, Nurgyul"]
[Result "1-0"]
[WhiteElo "2089"]
[BlackElo "2415"]
[EventDate "2022.10.12"]
[PlyCount "95"]

1.e4 c6 2.d4 d5 3.e5 Bf5 4.Nd2 e6 5.Nb3 Nd7 6.Nf3 Ne7 7.Be2 h6 8.a4 g5 9.
O-O Qc7 10.Bd2 Bg6 11.Ne1 Nf5 12.Nd3 Be7 13.Bh5 Rg8 14.Bxg6 Rxg6 15.g4 Nh4
16.f4 gxf4 17.Nxf4 Rg8 18.Kh1 c5 19.c3 Qc6 20.Be1 Ng6 21.Bg3 O-O-O 22.Nh5 
Rgf8 23.Nd2 Kb8 24.Nf3 Ka8 25.Qd2 cxd4 26.cxd4 Rc8 27.Qxh6 Qc2 28.Rf2 Qe4 
29.h3 Bb4 30.Kh2 Rc2 31.Kg2 Rfc8 32.Rf1 Rxf2+ 33.Rxf2 Be1 34.Rf1 Rc2+ 35.
Kg1 Ba5 36.Rf2 Rc8 37.Kh2 a6 38.Qg7 Bb6 39.Qxf7 Ndxe5 40.Nxe5 Bxd4 41.Qxg6
Qe1 42.Nf3 Qd1 43.Nxd4 Rc1 44.Qe8+ Ka7 45.Bb8+ Kb6 46.Qxe6+ Ka5 47.Qxd5+ 
b5 48.Nb3+ 1-0

[Event "38th WCh U20 Girls"]
[Site "Cala Gonone ITA"]
[Date "2022.10.22"]
[Round "11.4"]
[White "Urh, Zala"]
[Black "Hajiyeva, Laman"]
[Result "1-0"]
[WhiteElo "2221"]
[BlackElo "2138"]
[EventDate "2022.10.12"]
[PlyCount "47"]

1.d4 d5 2.c4 c6 3.Nf3 Nf6 4.Nc3 e6 5.Bg5 Nbd7 6.e3 Qa5 7.Nd2 Bb4 8.Rc1 Ne4
9.Ncxe4 dxe4 10.c5 Qxa2 11.Be2 Qa5 12.O-O Bxd2 13.Ra1 Qc7 14.Qxd2 O-O 15.
f3 exf3 16.Rxf3 e5 17.Bc4 Kh8 18.Qd3 f6 19.Raf1 b5 20.Bb3 Qd8 21.Rh3 g6 
22.Qxg6 Qe7 23.Rxf6 Qg7 24.Rxh7+ 1-0

[Event "38th WCh U20 Girls"]
[Site "Cala Gonone ITA"]
[Date "2022.10.22"]
[Round "11.5"]
[White "Kamalidenova, Meruert"]
[Black "Ouellet, Maili-Jade"]
[Result "1-0"]
[WhiteElo "2376"]
[BlackElo "2177"]
[EventDate "2022.10.12"]
[PlyCount "63"]

1.e4 c5 2.Nf3 Nc6 3.Bb5 e6 4.O-O Nge7 5.d4 cxd4 6.Nxd4 Qc7 7.Be3 a6 8.Be2 
Ng6 9.c4 Bd6 10.g3 O-O 11.Nc3 Be5 12.Rc1 d6 13.f4 Bxd4 14.Bxd4 Nxd4 15.
Qxd4 Bd7 16.b4 Rfd8 17.Qe3 Rac8 18.h4 h6 19.a3 Re8 20.Bd3 Ne7 21.Qf2 Qd8 
22.f5 Nc6 23.Be2 Ne5 24.Qd4 Qc7 25.f6 Nxc4 26.Bxc4 d5 27.Qf2 dxc4 28.fxg7 
Re7 29.Ne2 Qe5 30.Nf4 b5 31.Ng6 Qd6 32.e5 1-0

[Event "38th WCh U20 Girls"]
[Site "Cala Gonone ITA"]
[Date "2022.10.22"]
[Round "11.6"]
[White "Schulze, Lara"]
[Black "Altantuya, Boldbaatar"]
[Result "1-0"]
[WhiteElo "2266"]
[BlackElo "2223"]
[EventDate "2022.10.12"]
[PlyCount "169"]

1.e4 e6 2.d4 d5 3.Nc3 Bb4 4.Ne2 dxe4 5.a3 Bxc3+ 6.Nxc3 f5 7.Qh5+ g6 8.Qh3 
c6 9.Qg3 Nf6 10.Be2 Nbd7 11.Bf4 Kf7 12.h4 h6 13.O-O-O Nd5 14.Nxd5 exd5 15.
Qe3 h5 16.Kb1 b5 17.Qg3 Nf6 18.Be5 Be6 19.Qf4 Rh7 20.f3 Rc8 21.Rhf1 Qe7 
22.Rde1 Kg8 23.Bd1 Nd7 24.Bd6 Qg7 25.c3 Qh6 26.Qg3 Rf7 27.Bf4 Qg7 28.Bg5 
Nf8 29.Qh2 a5 30.Bf4 Nd7 31.Bc7 b4 32.Bxa5 bxa3 33.bxa3 c5 34.Qd6 cxd4 35.
Qxe6 dxc3 36.Qxd5 Rc5 37.Qa8+ Rf8 38.Bb3+ Kh7 39.Qa7 c2+ 40.Ka2 Rfc8 41.
Rc1 e3 42.Be6 Re8 43.Bb3 Rec8 44.Bb4 R8c7 45.Qa6 R5c6 46.Qe2 f4 47.Rxc2 
Rxc2+ 48.Bxc2 Ne5 49.Rd1 Nc6 50.Qd3 Nxb4+ 51.axb4 Ra7+ 52.Kb3 e2 53.Qxg6+ 
Qxg6 54.Bxg6+ Kxg6 55.Re1 Re7 56.b5 Kf7 57.Kc4 Re6 58.Kd3 Re3+ 59.Kd4 Ke7 
60.g3 Rxf3 61.Rxe2+ Kd6 62.gxf4 Rxf4+ 63.Re4 Rf5 64.Kc4 Kc7 65.Kb4 Rf7 66.
Ka5 Kb7 67.Re5 Rh7 68.Rd5 Ka7 69.Kb4 Kb6 70.Kc4 Rh6 71.Kd4 Rh8 72.Ke4 Ka5 
73.Kf4 Rc8 74.Kg5 Rg8+ 75.Kxh5 Rg1 76.Kh6 Kb6 77.h5 Rg2 78.Kh7 Rg1 79.h6 
Rg2 80.Kh8 Ka5 81.h7 Rg1 82.Rd8 Kxb5 83.Rg8 Rh1 84.Kg7 Rg1+ 85.Kf6 1-0

[Event "38th WCh U20 Girls"]
[Site "Cala Gonone ITA"]
[Date "2022.10.22"]
[Round "11.7"]
[White "Nurgali, Nazerke"]
[Black "Mkrtchian, Mariam"]
[Result "1/2-1/2"]
[WhiteElo "2169"]
[BlackElo "2374"]
[EventDate "2022.10.12"]
[PlyCount "104"]

1.d4 d5 2.Nf3 Nf6 3.c4 c6 4.e3 Bg4 5.Nc3 e6 6.h3 Bxf3 7.Qxf3 Bb4 8.Bd2 
Nbd7 9.Bd3 O-O 10.a3 Ba5 11.cxd5 exd5 12.b4 Bc7 13.O-O Re8 14.Rfe1 Nf8 15.
g3 Ne6 16.h4 h5 17.Qg2 Qd7 18.Rad1 g6 19.Bc1 Bb6 20.Bb2 Re7 21.Na4 Rae8 
22.Nc5 Qc8 23.Rc1 Ng4 24.Nb3 Bc7 25.Re2 f5 26.Rce1 Ng7 27.Nd2 Qb8 28.Nf1 
Kh7 29.f3 Nf6 30.Kh2 Qd8 31.Nd2 Re6 32.Kh1 Qd6 33.Nf1 Qe7 34.Bc3 Rf8 35.
Nd2 Qd6 36.Nf1 Nge8 37.Rb1 Qe7 38.Be1 Nd6 39.Bf2 b5 40.Nd2 Nc4 41.Rbe1 
Nxa3 42.e4 fxe4 43.fxe4 dxe4 44.Nxe4 Nxe4 45.Rxe4 Rxe4 46.Rxe4 Qf6 47.Be3 
Bd6 48.Bf4 Bxf4 49.Rxf4 Qd6 50.Rxf8 Qxf8 51.Qxc6 Qf7 52.g4 Kg7 1/2-1/2

[Event "38th WCh U20 Girls"]
[Site "Cala Gonone ITA"]
[Date "2022.10.22"]
[Round "11.8"]
[White "Malicka, Maria"]
[Black "Rudzinska, Michalina"]
[Result "0-1"]
[WhiteElo "2327"]
[BlackElo "2259"]
[EventDate "2022.10.12"]
[PlyCount "98"]

1.e4 c6 2.d4 d5 3.Nc3 dxe4 4.Nxe4 Nf6 5.Nxf6+ exf6 6.Be3 Bd6 7.Bd3 O-O 8.
Ne2 Re8 9.O-O Nd7 10.Ng3 Nf8 11.c4 g6 12.Ne4 Bc7 13.Re1 Bf5 14.Nc5 Bxd3 
15.Qxd3 b6 16.Na6 Bd6 17.Rad1 Qc8 18.c5 bxc5 19.dxc5 Be5 20.f4 Bxb2 21.Rb1
Bc3 22.Qxc3 Qxa6 23.Qxf6 Re6 24.Qc3 Rae8 25.a3 Re4 26.Rb4 Qa5 27.Bf2 Rxe1+
28.Bxe1 Qd8 29.Rb1 Ne6 30.Qc4 Qf6 31.Bd2 Qf5 32.Rc1 Rd8 33.Qc2 Rd3 34.Qb2 
Qd5 35.Bc3 Qxc5+ 36.Kh1 Qd6 37.h3 Qxf4 38.Be5 Qe4 39.Qb8+ Rd8 40.Qb2 c5 
41.Bf6 Rc8 42.Rd1 Nf4 43.Qd2 Re8 44.Bb2 Nxg2 45.Qd5 Qxd5 46.Rxd5 Nf4 47.
Rxc5 Re1+ 48.Kh2 Re2+ 49.Kg3 Nh5+ 0-1

[Event "38th WCh U20 Girls"]
[Site "Cala Gonone ITA"]
[Date "2022.10.22"]
[Round "11.9"]
[White "Aydin, Gulenay"]
[Black "Kanyamarala, Trisha"]
[Result "1/2-1/2"]
[WhiteElo "2109"]
[BlackElo "2174"]
[EventDate "2022.10.12"]
[PlyCount "53"]

1.e4 c5 2.Nc3 Nc6 3.Bb5 Nd4 4.a4 a6 5.Bc4 d6 6.Nge2 Nc6 7.d4 cxd4 8.Nxd4 
e6 9.O-O Nf6 10.Be3 Be7 11.f4 O-O 12.Ba2 Bd7 13.f5 e5 14.Nxc6 bxc6 15.a5 
Qb8 16.Bc4 Qb7 17.h3 Rfd8 18.Bb6 Rdc8 19.b3 d5 20.exd5 Bb4 21.dxc6 Bxc6 
22.Na2 Be7 23.Qe2 Ne4 24.Qg4 Nf6 25.Qe2 Ne4 26.Qg4 Nf6 27.Qe2 1/2-1/2

[Event "38th WCh U20 Girls"]
[Site "Cala Gonone ITA"]
[Date "2022.10.22"]
[Round "11.10"]
[White "Levitan, Ronit"]
[Black "Schneider, Jana"]
[Result "0-1"]
[WhiteElo "2024"]
[BlackElo "2331"]
[EventDate "2022.10.12"]
[PlyCount "76"]

1.e4 c5 2.c3 e6 3.d4 d5 4.exd5 exd5 5.Nf3 Nf6 6.Bb5+ Bd7 7.Bxd7+ Nbxd7 8.
O-O Be7 9.dxc5 Nxc5 10.Nbd2 O-O 11.Nb3 Nce4 12.Nfd4 Qd7 13.f3 Nd6 14.Nc5 
Qc7 15.Nd3 Rae8 16.Be3 Nc4 17.Bf2 Bd6 18.g3 Qd7 19.Qc2 h5 20.b3 Ne3 21.
Bxe3 Rxe3 22.Rae1 Rxe1 23.Rxe1 Rc8 24.Ne5 Qc7 25.Nd3 Qxc3 26.Qxc3 Rxc3 27.
Rd1 Bc7 28.Kg2 Bb6 29.Nf4 Bxd4 30.Rxd4 Rc2+ 31.Kh3 Rxa2 32.Nxd5 Nh7 33.Rb4
Ng5+ 34.Kh4 Nxf3+ 35.Kxh5 Ra5 36.Kg4 Ne5+ 37.Kf5 Rxd5 38.Ke4 Ra5 0-1

[Event "38th WCh U20 Girls"]
[Site "Cala Gonone ITA"]
[Date "2022.10.22"]
[Round "11.11"]
[White "Aubert, Estee"]
[Black "Goltseva, Ekaterina"]
[Result "1/2-1/2"]
[WhiteElo "2019"]
[BlackElo "2300"]
[EventDate "2022.10.12"]
[PlyCount "78"]

1.d4 Nf6 2.Nf3 e6 3.e3 b6 4.Bd3 Bb7 5.O-O d5 6.b3 Bd6 7.Bb2 O-O 8.c4 Nbd7 
9.Nc3 a6 10.Qe2 Ne4 11.Nd2 f5 12.f4 Nxd2 13.Qxd2 Rf6 14.Be2 Rh6 15.Bf3 Nf6
16.Ne2 Rb8 17.Rac1 Qe7 18.Qc2 dxc4 19.bxc4 Ng4 20.Bxg4 fxg4 21.g3 Bf3 22.
Nc3 Qe8 23.Ne4 Be7 24.Nd2 Rxh2 25.Rxf3 Qh5 26.Rff1 Qh3 27.Ne4 Rxc2 28.Rxc2
Qh5 29.Nc3 Bf6 30.Ne2 Qf5 31.Rc3 c5 32.Rb3 Qc2 33.Kf2 Qxc4 34.Rc1 Qd5 35.
dxc5 Qf3+ 36.Ke1 Qh1+ 37.Kf2 Qf3+ 38.Ke1 Qh1+ 39.Kf2 Qf3+ 1/2-1/2

[Event "38th WCh U20 Girls"]
[Site "Cala Gonone ITA"]
[Date "2022.10.22"]
[Round "11.12"]
[White "Cassi, Elisa"]
[Black "Kucharska, Honorata"]
[Result "1/2-1/2"]
[WhiteElo "1965"]
[BlackElo "2179"]
[EventDate "2022.10.12"]
[PlyCount "60"]

1.e4 e6 2.d4 d5 3.Nd2 c5 4.exd5 Qxd5 5.dxc5 Qxc5 6.Ngf3 Nf6 7.Bd3 Nbd7 8.
Qe2 Be7 9.O-O a6 10.c3 O-O 11.a4 b6 12.Ne4 Qc7 13.Bg5 Bb7 14.Rfd1 Rfe8 15.
Nxf6+ Nxf6 16.Ne5 Rad8 17.Rd2 Rd5 18.Re1 Rxe5 19.Qxe5 Qxe5 20.Rxe5 Ng4 21.
Bxe7 Nxe5 22.Be2 Bd5 23.Bg5 Nc4 24.Bxc4 Bxc4 25.Rd8 Rxd8 26.Bxd8 b5 27.
axb5 axb5 28.g3 Kf8 29.Kg2 Ke8 30.Bb6 Kd7 1/2-1/2

[Event "38th WCh U20 Girls"]
[Site "Cala Gonone ITA"]
[Date "2022.10.22"]
[Round "11.13"]
[White "Koubova, Anna Marie"]
[Black "Bucur, Denisa-Andreea"]
[Result "1/2-1/2"]
[WhiteElo "2089"]
[BlackElo "1946"]
[EventDate "2022.10.12"]
[PlyCount "60"]

1.Nf3 d5 2.c4 d4 3.g3 Nc6 4.Bg2 e5 5.d3 Bb4+ 6.Nbd2 a5 7.O-O Nf6 8.a3 Be7 
9.Rb1 O-O 10.b4 axb4 11.axb4 Nxb4 12.Nxe5 Re8 13.Qb3 c5 14.e3 dxe3 15.fxe3
Bd6 16.d4 Bxe5 17.dxe5 Rxe5 18.Bb2 Rf5 19.Rfd1 Qe7 20.Bxf6 gxf6 21.Ne4 Ra2
22.Rb2 Rxb2 23.Qxb2 Re5 24.Qf2 Bf5 25.Nxf6+ Qxf6 26.e4 Qg5 27.exf5 Rxf5 
28.Qe2 Re5 29.Qf3 Nc6 30.Qf4 Qxf4 1/2-1/2

[Event "38th WCh U20 Girls"]
[Site "Cala Gonone ITA"]
[Date "2022.10.22"]
[Round "11.14"]
[White "Sebastian, Mhage Gerriahlou"]
[Black "Vanduyfhuys, Daria"]
[Result "0-1"]
[WhiteElo "1865"]
[BlackElo "2073"]
[EventDate "2022.10.12"]
[PlyCount "82"]

1.d4 Nf6 2.Nf3 e6 3.Bg5 d5 4.e3 h6 5.Bh4 Nbd7 6.Bd3 c5 7.c4 cxd4 8.exd4 
dxc4 9.Bxc4 Qa5+ 10.Nbd2 g5 11.Bg3 Ne4 12.O-O Nxg3 13.fxg3 Bg7 14.d5 exd5 
15.Qe2+ Kf8 16.Rae1 Bf6 17.Bb3 Kg7 18.h4 b6 19.Qd3 Nc5 20.Qxd5 Be6 21.Rxe6
fxe6 22.Qc4 Rac8 23.Ne4 Nxb3 24.Qxe6 Rhf8 25.Qxb3 g4 26.Nfd2 Bd4+ 27.Kh2 
Rxf1 28.Nxf1 Qe5 29.Qd3 Rd8 30.Qe2 h5 31.Qc2 Rd7 32.Ng5 Kf8 33.Qg6 Qf6 34.
Qe4 Re7 35.Qa8+ Kg7 36.Qd5 Qf2 37.Nf3 gxf3 38.Qg5+ Kf8 39.Qf5+ Rf7 40.Qc8+
Kg7 41.Ne3 Bxe3 0-1

[Event "38th WCh U20 Girls"]
[Site "Cala Gonone ITA"]
[Date "2022.10.22"]
[Round "11.15"]
[White "Gombocz, Zsofia"]
[Black "Pipia, Ekaterine"]
[Result "1/2-1/2"]
[WhiteElo "2118"]
[BlackElo "1926"]
[EventDate "2022.10.12"]
[PlyCount "87"]

1.e4 g6 2.d4 Bg7 3.Nf3 d6 4.Be2 a6 5.a4 b6 6.O-O Nd7 7.Bc4 e6 8.Bg5 Ne7 9.
Qd2 Bb7 10.Nc3 O-O 11.Bh6 Nf6 12.Rfe1 d5 13.Bxg7 Kxg7 14.e5 Ne4 15.Nxe4 
dxe4 16.Ng5 Nf5 17.Nxe4 Qxd4 18.Qxd4 Nxd4 19.Rac1 Bxe4 20.Rxe4 Rfd8 21.Kf1
b5 22.axb5 axb5 23.c3 Nf5 24.Bxb5 Rab8 25.Rb4 Rd5 26.Be2 Rxb4 27.cxb4 Rd7 
28.Bb5 Rd4 29.Rxc7 Rxb4 30.Be8 Nh6 31.Rc2 Ng4 32.Re2 Kf8 33.h3 Nxe5 34.
Rxe5 Kxe8 35.Re2 Kd7 36.Ke1 h5 37.Kd1 Kc6 38.Kc2 Kc5 39.Kc3 Rc4+ 40.Kb3 
Rb4+ 41.Kc3 Rc4+ 42.Kb3 Rb4+ 43.Kc3 Rc4+ 44.Kb3 1/2-1/2

[Event "38th WCh U20 Girls"]
[Site "Cala Gonone ITA"]
[Date "2022.10.22"]
[Round "11.16"]
[White "Gomez Barrera, Javiera Belen"]
[Black "Popovic, Mateja"]
[Result "1-0"]
[WhiteElo "2219"]
[BlackElo "1718"]
[EventDate "2022.10.12"]
[PlyCount "41"]

1.e4 c5 2.Nf3 e6 3.d4 cxd4 4.Nxd4 Nc6 5.Nc3 Qc7 6.Be3 a6 7.Qf3 Nf6 8.O-O-O
Ne5 9.Qg3 d6 10.f4 Nc4 11.Bxc4 Qxc4 12.e5 dxe5 13.fxe5 Nd7 14.Rhf1 Qc7 15.
Bf4 b5 16.Ne4 Qa5 17.Nb3 Qb6 18.Nd6+ Bxd6 19.Rxd6 Qb7 20.Qxg7 Rf8 21.Bg5 
1-0

[Event "38th WCh U20 Girls"]
[Site "Cala Gonone ITA"]
[Date "2022.10.22"]
[Round "11.17"]
[White "Bashylina, Luisa"]
[Black "Radikovic, Anamarija"]
[Result "1-0"]
[WhiteElo "2073"]
[BlackElo "2112"]
[EventDate "2022.10.12"]
[PlyCount "55"]

1.d4 Nf6 2.c4 c5 3.d5 b5 4.cxb5 a6 5.e3 e6 6.Nc3 exd5 7.Nxd5 Bb7 8.Nxf6+ 
Qxf6 9.Nf3 Be7 10.Be2 axb5 11.Bxb5 O-O 12.O-O d5 13.Bd3 Nc6 14.e4 dxe4 15.
Bxe4 Rfd8 16.Bd2 h6 17.a3 Bd6 18.Qc2 Rab8 19.Rfe1 Re8 20.Bc3 Qf4 21.Qd2 
Rxe4 22.Rxe4 Qxe4 23.Qxd6 Qf5 24.Ne5 Rd8 25.Nxc6 Bxc6 26.Qxd8+ Kh7 27.Qd6 
Qe4 28.Qg3 1-0

[Event "38th WCh U20 Girls"]
[Site "Cala Gonone ITA"]
[Date "2022.10.22"]
[Round "11.18"]
[White "Walter, Ema"]
[Black "Simkunaite, Gabija"]
[Result "1-0"]
[WhiteElo "2062"]
[BlackElo "2014"]
[EventDate "2022.10.12"]
[PlyCount "93"]

1.e4 c6 2.d4 d5 3.exd5 cxd5 4.Bd3 Nc6 5.c3 Nf6 6.h3 e5 7.dxe5 Nxe5 8.Nf3 
Nxd3+ 9.Qxd3 Bd6 10.O-O O-O 11.Bg5 h6 12.Bh4 g5 13.Bg3 Bxg3 14.fxg3 Qd6 
15.g4 a5 16.Nbd2 Ra6 17.Nd4 Rb6 18.b3 Qc5 19.Rf3 Bd7 20.Kh1 Ne4 21.Nxe4 
dxe4 22.Qxe4 Bc6 23.Qf5 Qxf5 24.Rxf5 a4 25.Raf1 Bd7 26.Rf6 Rxf6 27.Rxf6 
Kg7 28.Rd6 Bc8 29.Kg1 axb3 30.axb3 Re8 31.Kf2 Re5 32.c4 f5 33.Rd8 Rc5 34.
gxf5 Bxf5 35.b4 Re5 36.Nxf5+ Rxf5+ 37.Ke3 Rf7 38.Kd4 h5 39.Rd6 g4 40.b5 g3
41.Rd5 Kh6 42.Ke3 h4 43.c5 Rf1 44.Rd4 Kg5 45.Rc4 Rf7 46.c6 Rc7 47.Kd4 1-0